01409nam a2200337 a 4500001001200000003000800012006001900020007001500039008004100054010001700095020002000112040002100132035002100153050002600174082002200200100002400222245012400246260005700370300002900427490004800456504006400504533015200568650005700720650002700777655002900804700003100833710001700864830004700881856012600928999001701054ebr10255414CaPaEBRm u cr cn|||||||||050502s2004 njuab sb 001 0 eng d z 2005297881 z9812388311 (hb) aCaPaEBRcCaPaEBR a(OCoLC)64676818014aHD58.82b.H374 2004eb04a658.4/038/0112221 aHasebrook, Joachim.10aLearning support systems for organizational learningh[electronic resource] /cJoachim P. Hasebrook, Henmann A. Maurer. aNew Jersey ;aSingapore :bWorld Scientific,cc2004. aix, 288 p. :bill., map.1 aSeries on innovative intelligence ;vvol. 8 aIncludes bibliographical references (p. 269-285) and index. aElectronic reproduction.bPalo Alto, Calif. :cebrary,d2013.nAvailable via World Wide Web.nAccess may be limited to ebrary affiliated libraries. 0aOrganizational learningxComputer network resources. 0aInternet in education. 7aElectronic books.2local1 aMaurer, Hermann A.,d1941-2 aebrary, Inc. 0aSeries on innovative intelligence ;vv. 8.40uhttp://site.ebrary.com/lib/rucke/Doc?id=10255414zAn electronic book accessible through the World Wide Web; click to view c14192d14192